Loading...
| Social Science | 1 | 1 | 0 | 0 | 25 | 68 | 78.50 | 2 | 2 |
| History - American History | 1 | 1 | 0 | 0 | 25 | 78 | 81.50 | 2 | 2 |
| History - European History | 0 | 2 | 0 | 0 | 20 | 83 | 87.00 | 0 | 2 |
| Literature - World Literature | 0 | 2 | 0 | 1 | 20 | 127 | 137.00 | 1 | 2 |
| Current Events | 1 | 0 | 0 | 0 | 15 | 55 | 55.00 | 0 | 1 |
| Religion | 0 | 2 | 1 | 1 | 15 | 136 | 140.50 | 2 | 2 |
| Mythology | 0 | 1 | 0 | 0 | 10 | 65 | 65.00 | 1 | 1 |
| Literature - American Literature | 0 | 1 | 0 | 0 | 10 | 135 | 135.00 | 0 | 1 |
| Fine Arts - Visual Fine Arts | 0 | 1 | 0 | 1 | 10 | 146 | 146.00 | 1 | 1 |
| Literature - European Literature | 0 | 1 | 0 | 0 | 10 | 146 | 146.00 | 0 | 1 |
| Philosophy | 0 | 1 | 0 | 0 | 10 | 130 | 130.00 | 1 | 1 |
| History - Other History | 0 | 1 | 1 | 0 | 5 | 118 | 118.00 | 0 | 1 |
| Mythology- Edited | 0 | 0 | 1 | 0 | -5 | 0.00 | 0 | 0 | |
| Other Academic | 0 | 0 | 1 | 0 | -5 | 0.00 | 0 | 0 | |
| Geography | 0 | 0 | 1 | 0 | -5 | 0.00 | 0 | 0 | |
| Literature - British Literature | 0 | 0 | 1 | 0 | -5 | 0.00 | 0 | 0 | |
| History - World History | 0 | 0 | 1 | 0 | -5 | 0.00 | 0 | 0 |